000 00642nam a2200217 a 4500
999 _c2828
_d2828
001 2828
003 BD-JhCC
005 20180118130502.0
008 171107s1974 bg |||| |||| 000 0 ben d
035 _a(BD-JhCC)2828
040 _aBD-JhCC
_dBD-JhCC
041 _aben
082 _a355.4952
_bHAQ 1974
100 _aহক, জহরুল
245 _aনিষিদ্ধ নিশ্বাস /
_c জহরুল হক
260 _aঢাকা :
_bবাংলা একাডেমী,
_c১৯৭৪.
300 _a৯৪ পৃ. :
_c২১ সেমি.
650 _aHistory of war
_y1971
942 _2ddc
_cBK